Cestovní ruch 1. část
Uložené v:
| Hlavný autor: | |
|---|---|
| Médium: | Kniha |
| Jazyk: | Czech |
| Vydané: |
Praha :
Státní pedagogické nakladatelství,
1961.
|
| Edícia: | Učební texty vysokých škol
|
| Fyzický popis: |
185 strán. |
| Tagy: |
Pridať tag
Žiadne tagy, Buďte prvý kto otaguje tento záznam!
|
Titul je dostupný aj v ... 

MARC
| LEADER | 00000nam a22000002i 4500 | ||
|---|---|---|---|
| 001 | 000707721 | ||
| 005 | 20240115102553.0 | ||
| 008 | 240115s1961 xr e 000 0 cze d | ||
| 020 | |c Kčs 7,30 |q (brožované) | ||
| 040 | |a SVKKK |b slo |c SVKKK |e rda | ||
| 100 | 1 | |a Černý, Bořivoj Václav, |d 1909-1987 |4 aut | |
| 245 | 1 | 0 | |a Cestovní ruch |n 1. část |c Bořivoj Václav Černý. |
| 264 | 1 | |a Praha : |b Státní pedagogické nakladatelství, |c 1961. | |
| 300 | |a 185 strán. | ||
| 336 | |a text |b txt |2 rdacontent | ||
| 337 | |a bez média |b n |2 rdamedia | ||
| 338 | |a zväzok |b nc |2 rdacarrier | ||
| 490 | 1 | |a Učební texty vysokých škol | |
| 500 | |a Záznam revízie | ||
| 830 | 0 | |a Učební texty vysokých škol | |
| 910 | |a svkkk | ||
| 998 | |a BK | ||
| 090 | |g SCKHL |k Sklad Pribinova 3. posch. |a V.32683 |j 284006 |i 2721040740 |4 Silne poškodené |s Návrh na vyradenie | ||
| 090 | |g SCKHL |k Sklad Pribinova 3. posch. |a V.59259 |j 292855 |i 2720842915 |s Absenčne | ||